A Sense of audience in written communication / (Record no. 16149)

000 -LEADER
fixed length control field 00549nam a2200205Ia 4500
020 ## - INTERNATIONAL STANDARD BOOK NUMBER
ISBN 0803936540
020 ## - INTERNATIONAL STANDARD BOOK NUMBER
ISBN 0803936559 (pbk.)
040 ## - CATALOGING SOURCE
Transcribing agency WYU
082 ## - DEWEY DECIMAL CLASSIFICATION NUMBER
Classification number 302 SAG 1990 A089 Or.
245 02 - TITLE STATEMENT
Title A Sense of audience in written communication /
260 ## - PUBLICATION, DISTRIBUTION, ETC. (IMPRINT)
Place of publication Newbury Park, Calif. :
Name of publisher Sage Publications,
Year of publication c1990
300 ## - PHYSICAL DESCRIPTION
Number of Pages 304 p. ;
Dimensions 23 cm
490 1# - SERIES STATEMENT
Series statement Written communication annual ,
650 #0 - SUBJECT ADDED ENTRY--TOPICAL TERM
Topical Term Written communication
650 #0 - SUBJECT ADDED ENTRY--TOPICAL TERM
Topical Term Rhetoric
650 #0 - SUBJECT ADDED ENTRY--TOPICAL TERM
Topical Term Audiences
700 10 - ADDED ENTRY--PERSONAL NAME
Personal name Kirsch, Gesa
700 10 - ADDED ENTRY--PERSONAL NAME
Personal name Roen, Duane H
942 ## - ADDED ENTRY ELEMENTS (KOHA)
Koha item type សៀវភៅភាសាអង់គ្លេស
952 ## - LOCATION AND ITEM INFORMATION (KOHA)
Withdrawn status [LOCAL, KOHA] 0
Holdings
Permanent Location Date acquired Koha item type Lost status Shelving location Barcode Current Location Full call number
Library Block A2018-01-17សៀវភៅភាសាអង់គ្លេស A089A19518Library Block A302 SAG 1990 A089 Or.
មជ្ឈមណ្ឌលឯការនៃសាកលវិទ្យាល័យភូមិន្ទកសិកម្មចំការដូង

Powered by Koha